| 000 | 00343nam a2200133Ia 4500 | ||
|---|---|---|---|
| 008 | 200103s9999||||xx |||||||||||||| ||und|| | ||
| 040 | _aIMU-MPC | ||
| 082 | _aColumn-56 | ||
| 100 | _aBank, B. | ||
| 245 | 0 | _aUltrasonic flow detection in metals: Theory and practice | |
| 260 |
_bIliffe Books Ltd., London _c1962 |
||
| 300 | _a256 | ||
| 942 | _cBK | ||
| 999 |
_c10576 _d10576 |
||